LEADER 01016nam2 2200349 450 001 990003538420203316 005 20110609121430.0 035 $a000353842 035 $aUSA01000353842 035 $a(ALEPH)000353842USA01 035 $a000353842 100 $a20110609d2010----km-y0itay50------ba 101 0 $aita 102 $aIT 105 $a||||||||001yy 200 1 $aDecidere invano$fMichele Rosboch 210 $aNapoli$cJovene$d2010- 215 $avolumi$d24 cm 410 0$1001000337890$12001$aMemorie del dipartimento di scienze giuridiche 606 0 $aAtti giuridici$xValiditą$2BNCF 676 $a346.370435$v22 700 1$aROSBOCH,$bMichele$0289209 801 0$aIT$bsalbc$gISBD 912 $a990003538420203316 951 $aXXX.A. Coll. 122/$cXXX.A. Coll. 959 $aBK 969 $aGIU 979 $aCHIARA$b90$c20110609$lUSA01$h1211 979 $aCHIARA$b90$c20110609$lUSA01$h1212 979 $aCHIARA$b90$c20110609$lUSA01$h1214 996 $aDecidere invano$9226910 997 $aUNISA LEADER 01528oem 2200433Ia 450 001 9910695204403321 005 20060913144857.0 035 $a(CKB)5470000002368701 035 $a(OCoLC)52285374 035 $a(EXLCZ)995470000002368701 100 $a20030521d2003 ua 101 0 $aeng 135 $aurcnu m|||| 181 $ccrd$2rdacontent 182 $cc$2rdamedia 183 $acr$2rdacarrier 200 10$aBathymetry and selected perspective views of 6 reef and coastal areas in northern Lake Michigan$b[electronic resource] /$fPeter Barnes ... [and others] 210 1$a[Reston, Va.?] :$cU.S. Geological Survey,$d[2003] 215 $a6 electronic views $cHTML file 225 1 $aU.S. Geological Survey open-file report ;$v03-120 300 $aTitle from HTML index page (viewed May 20, 2003). 300 $aIncludes text, location maps, and additional views. 606 $aLake trout fisheries$zMichigan, Lake$vMaps 606 $aLake trout$xSpawning$zMichigan, Lake 607 $aMichigan, Lake$vMaps 608 $aBathymetric maps.$2lcgft 608 $aRemote-sensing maps.$2lcgft 608 $aMaps.$2lcgft 615 0$aLake trout fisheries 615 0$aLake trout$xSpawning 701 $aBarnes$b Peter W$01382008 801 0$bGIS 801 1$bGIS 801 2$bOCLCQ 801 2$bGPO 906 $aBOOK 912 $a9910695204403321 996 $aBathymetry and selected perspective views of 6 reef and coastal areas in northern Lake Michigan$93424950 997 $aUNINA LEADER 02808oam 2200601I 450 001 9910788057803321 005 20230617022159.0 010 $a0-7007-1695-5 010 $a1-315-02955-3 010 $a1-136-87338-4 024 7 $a10.4324/9781315029559 035 $a(CKB)2670000000592529 035 $a(EBL)1974335 035 $a(SSID)ssj0001422705 035 $a(PQKBManifestationID)12587252 035 $a(PQKBTitleCode)TC0001422705 035 $a(PQKBWorkID)11432429 035 $a(PQKB)10538862 035 $a(MiAaPQ)EBC1974335 035 $a(Au-PeEL)EBL1974335 035 $a(CaPaEBR)ebr11167853 035 $a(CaONFJC)MIL719117 035 $a(OCoLC)904517996 035 $a(OCoLC)1000425992 035 $a(OCoLC)902673652 035 $a(FINmELB)ELB137733 035 $a(EXLCZ)992670000000592529 100 $a20180706d2003 uy 0 101 0 $aeng 135 $aur|n|---||||| 181 $ctxt 182 $cc 183 $acr 200 10$aPersian grammar $efor reference and revision /$fJohn Mace 210 1$aLondon ;$aNew York :$cRoutledgeCurzon,$d2003. 215 $a1 online resource (238 p.) 300 $aIncludes index. 311 $a1-322-87835-8 311 $a0-7007-1694-7 327 $a7 Tenses8 Forming the past tense; 9 Using the past tense; 10 Forming the present tense; 11 Forming the present tense: 'to be'; 12 Using the present tense; 13 Forming the imperfect tense; 14 Using the imperfect tense; 15 Colloquial continuous tenses; 16 Forming the present subjunctive tense; 17 Using the present subjunctive tense; 18 Imperative; 19 Auxiliary verbs; 20 Participles; 21 Forming the perfect tense; 22 Using the perfect tense; 23 Forming the perfect subjunctive tense; 24 Using the perfect subjunctive tense; 25 Forming the pluperfect tense; 26 Using the pluperfect tense 327 $a2 Derived and compound nouns 330 $aThis is a book for reference and revision, especially for those in the early stages of studying the Persian language. It uses the official reformed spelling, and gives attention to handwriting, educated standard and educated colloquial pronunciation, and the important polite forms. The grammar is explained with copious examples, all shown both in Persian script and in Roman transliteration. The grammatical themes are grouped logically, and there are cross-references, appendices and a subject index to facilitate the search for the right form. 606 $aPersian language$vTextbooks for foreign speakers$xEnglish 615 0$aPersian language$xEnglish. 676 $a491/.555 700 $aMace$b John$f1933-$0689628 801 0$bMiAaPQ 801 1$bMiAaPQ 801 2$bMiAaPQ 906 $aBOOK 912 $a9910788057803321 996 $aPersian grammar$93771204 997 $aUNINA